Máximos goleadores del FC Barcelona (2010 - 2025) - Estadísticas

Estadísticas generales
  • Esta prueba ha sido intentada 489 veces
  • La puntuación promedio es 18 de 25
Estadísticas de respuestas
Goles Jugador % Correcto
592 Lionel Messi
100%
195 Luis Suárez
99%
105 Neymar Jr.
98%
34 Andrés Iniesta
93%
101 Robert Lewandowski
90%
39 Xavi Hernández
90%
50 Gerard Piqué
85%
25 Lamine Yamal
82%
54 Raphinha
82%
99 Pedro Rodríguez
81%
26 Pedri
79%
48 David Villa
76%
27 Jordi Alba
71%
35 Ivan Rakitic
69%
19 Frenkie De Jong
68%
44 Ferran Torres
67%
40 Ousmane Dembélé
67%
25 Philippe Coutinho
59%
35 Antoine Griezmann
58%
46 Alexis Sánchez
50%
29 Ansu Fati
45%
42 Cesc Fàbregas
45%
22 Zlatan Ibrahimovic
43%
19 Sergi Roberto
41%
20 Cristian Tello
15%
No se encontraron pruebas coincidentes
Distribución de puntuación
Porcentaje de gente con cada puntuación
Porcentaje por número respondido
Historial de tus puntuaciones
No has intentado esta prueba.